| 000 | 00629cab a2200217 4500 | ||
|---|---|---|---|
| 001 | WB3506-57 | ||
| 008 | 090401t1999 xxu||||| |||| 00| 0 eng d | ||
| 035 | _a(Sirsi) u91260 | ||
| 041 | _aeng | ||
| 245 | _aWhat`s wrong with rights of way | ||
| 260 | _c1999 | ||
| 350 | _a0 | ||
| 490 |
_aTimes _vPeople & Property 10 February 1999, 2(2) |
||
| 520 | _aDiscusses disputes between individual home owners and local authorities & walkers over rights of way. | ||
| 650 | _aCOUNTRYSIDE RIGHTS ASSOCIATION | ||
| 650 | _aFOOTPATHS | ||
| 650 | _aRIGHTS OF WAY | ||
| 690 | _aRURAL PRACTICE | ||
| 942 | _n0 | ||
| 948 | _c11/02/1999 | ||
| 999 |
_c57913 _d57913 |
||